[Event "ODJM B 2025"]
[Site "Willingen GER"]
[Date "2025.06.12"]
[Round "7"]
[White "Geib, Niklas"]
[Black "Salim, Florian"]
[Result "1/2-1/2"]
[Termination "normal"]
[Board "47"]
[WhiteElo "1581"]
[BlackElo "1730"]
[WhiteClock "00:30:11"]
[BlackClock "00:21:42"]
[PlyCount "75"]
[WhiteFideId "34682236"]
[BlackFideId "533001960"]
[EventCountry "GER"]
[EventRounds "9"]
[EventType "swiss"]
[EventDate "2025.06.07"]

1. d4 {[%clk 01:30:59]} Nf6 {[%clk 01:30:54]} {[%emt 00:00:06]} 2. Nf3 {[%clk
01:31:25]} {[%emt 00:00:04]} g6 {[%clk 01:31:19]} {[%emt 00:00:05]} 3. e3
{[%clk 01:31:45]} {[%emt 00:00:11]} Bg7 {[%clk 01:31:40]} {[%emt 00:00:09]} 4.
c4 {[%clk 01:32:09]} {[%emt 00:00:06]} d6 {[%clk 01:31:52]} {[%emt 00:00:18]}
5. Nc3 {[%clk 01:32:33]} {[%emt 00:00:05]} Nbd7 {[%clk 01:32:08]} {[%emt
00:00:14]} 6. a4 {[%clk 01:32:56]} {[%emt 00:00:08]} O-O {[%clk 01:32:07]}
{[%emt 00:00:31]} 7. Be2 {[%clk 01:33:20]} {[%emt 00:00:06]} e5 {[%clk
01:30:52]} {[%emt 00:01:45]} 8. d5 {[%clk 01:32:01]} {[%emt 00:01:48]} Ne8
{[%clk 01:28:45]} {[%emt 00:02:38]} 9. e4 {[%clk 01:31:23]} {[%emt 00:01:08]}
f5 {[%clk 01:28:13]} {[%emt 00:01:01]} 10. Ng5 {[%clk 01:30:20]} {[%emt
00:01:33]} Nc5 {[%clk 01:25:33]} {[%emt 00:03:11]} 11. exf5 {[%clk 01:25:24]}
{[%emt 00:05:26]} gxf5 {[%clk 01:24:37]} {[%emt 00:01:26]} 12. Qc2 {[%clk
01:23:40]} {[%emt 00:02:14]} h6 {[%clk 01:21:58]} {[%emt 00:03:09]} 13. Nf3
{[%clk 01:21:10]} {[%emt 00:03:00]} Nf6 {[%clk 01:19:12]} {[%emt 00:03:15]} 14.
Nh4 {[%clk 01:19:34]} {[%emt 00:02:06]} Nfe4 {[%clk 01:13:12]} {[%emt
00:06:30]} 15. Nxe4 {[%clk 01:19:12]} {[%emt 00:00:51]} Nxe4 {[%clk 01:10:58]}
{[%emt 00:02:45]} 16. g3 {[%clk 01:19:03]} {[%emt 00:00:39]} Qf6 {[%clk
01:04:51]} {[%emt 00:06:37]} 17. Ra3 {[%clk 01:13:04]} {[%emt 00:06:29]} Ng5
{[%clk 01:02:24]} {[%emt 00:02:57]} 18. Rb3 {[%clk 01:08:13]} {[%emt 00:05:20]}
f4 {[%clk 00:58:21]} {[%emt 00:04:33]} 19. Rf1 {[%clk 01:06:17]} {[%emt
00:02:27]} Bh3 {[%clk 00:51:46]} {[%emt 00:07:04]} 20. Bh5 {[%clk 01:00:10]}
{[%emt 00:06:37]} Bxf1 {[%clk 00:46:22]} {[%emt 00:05:54]} 21. Kxf1 {[%clk
00:58:42]} {[%emt 00:01:58]} Nh3 {[%clk 00:32:19]} {[%emt 00:14:33]} 22. Ng6
{[%clk 00:58:10]} {[%emt 00:01:02]} Rf7 {[%clk 00:30:02]} {[%emt 00:02:48]} 23.
gxf4 {[%clk 00:57:55]} {[%emt 00:00:45]} Nxf4 {[%clk 00:24:05]} {[%emt
00:06:26]} 24. Nxf4 {[%clk 00:58:13]} {[%emt 00:00:12]} exf4 {[%clk 00:23:49]}
{[%emt 00:00:46]} 25. Bxf7+ {[%clk 00:58:38]} {[%emt 00:00:06]} Qxf7 {[%clk
00:23:39]} {[%emt 00:00:39]} 26. Qe4 {[%clk 00:54:50]} {[%emt 00:04:18]} Re8
{[%clk 00:22:41]} {[%emt 00:01:28]} 27. Qxf4 {[%clk 00:54:43]} {[%emt
00:00:37]} Qh5 {[%clk 00:22:31]} {[%emt 00:00:40]} 28. Rg3 {[%clk 00:48:43]}
{[%emt 00:06:31]} Qd1+ {[%clk 00:20:03]} {[%emt 00:02:58]} 29. Kg2 {[%clk
00:48:13]} {[%emt 00:00:59]} Re1 {[%clk 00:20:04]} {[%emt 00:00:29]} 30. Rxg7+
{[%clk 00:40:18]} {[%emt 00:08:26]} Kxg7 {[%clk 00:20:27]} {[%emt 00:00:06]}
31. Qxh6+ {[%clk 00:40:42]} {[%emt 00:00:05]} Kf7 {[%clk 00:20:44]} {[%emt
00:00:13]} 32. Qf4+ {[%clk 00:40:44]} {[%emt 00:00:28]} Kg7 {[%clk 00:20:54]}
{[%emt 00:00:21]} 33. Qg5+ {[%clk 00:40:06]} {[%emt 00:01:08]} Kf7 {[%clk
00:21:15]} {[%emt 00:00:09]} 34. Qf5+ {[%clk 00:39:12]} {[%emt 00:01:23]} Kg7
{[%clk 00:21:33]} {[%emt 00:00:11]} 35. Qg5+ {[%clk 00:37:22]} {[%emt
00:02:21]} Kf7 {[%clk 00:21:55]} {[%emt 00:00:09]} 36. Qf5+ {[%clk 00:32:43]}
{[%emt 00:05:09]} Kg7 {[%clk 00:22:06]} {[%emt 00:00:19]} 37. Qd7+ {[%clk
00:32:11]} {[%emt 00:01:00]} Kf6 {[%clk 00:21:42]} {[%emt 00:00:56]} 38. Qd8+
{[%clk 00:30:11]} {[%emt 00:02:29]} 1/2-1/2

[Event "ODJM B 2025"]
[Site "Willingen GER"]
[Date "2025.06.12"]
[Round "7"]
[White "Schiewe, Nadin"]
[Black "Claussen, Daniela"]
[Result "1-0"]
[Termination "normal"]
[Board "48"]
[WhiteElo "1764"]
[BlackElo "1567"]
[WhiteClock "00:16:21"]
[BlackClock "00:22:40"]
[PlyCount "75"]
[WhiteFideId "16209079"]
[BlackFideId "16248929"]
[EventCountry "GER"]
[EventRounds "9"]
[EventType "swiss"]
[EventDate "2025.06.07"]

1. d4 {[%clk 01:30:57]} {[%emt 00:00:03]} e6 {[%clk 01:30:53]} {[%emt
00:00:07]} 2. Nf3 {[%clk 01:31:15]} {[%emt 00:00:11]} b6 {[%clk 01:31:14]}
{[%emt 00:00:10]} 3. e4 {[%clk 01:31:27]} {[%emt 00:00:18]} Bb7 {[%clk
01:31:34]} {[%emt 00:00:09]} 4. Bd3 {[%clk 01:31:40]} {[%emt 00:00:18]} c5
{[%clk 01:30:21]} {[%emt 00:01:43]} 5. c3 {[%clk 01:30:48]} {[%emt 00:01:22]}
cxd4 {[%clk 01:30:28]} {[%emt 00:00:23]} 6. Nxd4 {[%clk 01:26:59]} {[%emt
00:04:19]} Nf6 {[%clk 01:29:40]} {[%emt 00:01:18]} 7. Nd2 {[%clk 01:22:58]}
{[%emt 00:04:31]} Bc5 {[%clk 01:27:15]} {[%emt 00:02:55]} 8. O-O {[%clk
01:21:50]} {[%emt 00:01:38]} O-O {[%clk 01:25:37]} {[%emt 00:02:09]} 9. Re1
{[%clk 01:20:50]} {[%emt 00:01:30]} Bxd4 {[%clk 01:24:41]} {[%emt 00:01:26]}
10. cxd4 {[%clk 01:21:06]} {[%emt 00:00:13]} Nc6 {[%clk 01:24:56]} {[%emt
00:00:15]} 11. e5 {[%clk 01:18:46]} {[%emt 00:02:50]} Nd5 {[%clk 01:24:12]}
{[%emt 00:01:14]} 12. Nf3 {[%clk 01:16:24]} {[%emt 00:02:52]} f6 {[%clk
01:17:12]} {[%emt 00:07:30]} 13. Re4 {[%clk 01:02:37]} {[%emt 00:14:17]} f5
{[%clk 01:15:29]} {[%emt 00:02:14]} 14. Rh4 {[%clk 01:02:33]} {[%emt 00:00:33]}
Ncb4 {[%clk 01:14:40]} {[%emt 00:01:19]} 15. Bg5 {[%clk 00:53:08]} {[%emt
00:09:55]} Ne7 {[%clk 01:13:10]} {[%emt 00:02:00]} 16. Ne1 {[%clk 00:50:05]}
{[%emt 00:03:33]} h6 {[%clk 01:10:28]} {[%emt 00:03:12]} 17. Bd2 {[%clk
00:39:54]} {[%emt 00:10:41]} Nxd3 {[%clk 01:05:42]} {[%emt 00:05:17]} 18. Nxd3
{[%clk 00:40:08]} {[%emt 00:00:16]} Ng6 {[%clk 01:05:34]} {[%emt 00:00:38]} 19.
Rh3 {[%clk 00:40:09]} {[%emt 00:00:29]} Be4 {[%clk 00:53:08]} {[%emt 00:12:56]}
20. Qh5 {[%clk 00:33:56]} {[%emt 00:06:42]} f4 {[%clk 00:52:26]} {[%emt
00:01:12]} 21. Re1 {[%clk 00:28:49]} {[%emt 00:05:37]} Bf5 {[%clk 00:45:11]}
{[%emt 00:07:45]} 22. Rf3 {[%clk 00:29:01]} {[%emt 00:00:19]} Nh4 {[%clk
00:44:38]} {[%emt 00:01:03]} 23. Rxf4 {[%clk 00:28:32]} {[%emt 00:00:59]} Nxg2
{[%clk 00:44:14]} {[%emt 00:00:54]} 24. Kxg2 {[%clk 00:27:15]} {[%emt
00:01:48]} Bxd3 {[%clk 00:44:25]} {[%emt 00:00:19]} 25. Rg4 {[%clk 00:26:28]}
{[%emt 00:01:16]} Rf5 {[%clk 00:39:30]} {[%emt 00:05:25]} 26. Rxg7+ {[%clk
00:22:25]} {[%emt 00:04:34]} Kxg7 {[%clk 00:39:34]} {[%emt 00:00:26]} 27. Bxh6+
{[%clk 00:22:41]} {[%emt 00:00:15]} Kh8 {[%clk 00:33:13]} {[%emt 00:06:51]} 28.
Bg5+ {[%clk 00:23:00]} {[%emt 00:00:10]} Kg8 {[%clk 00:32:30]} {[%emt
00:01:13]} 29. Qg6+ {[%clk 00:22:47]} {[%emt 00:00:43]} Kf8 {[%clk 00:27:03]}
{[%emt 00:05:57]} 30. Qh6+ {[%clk 00:22:17]} {[%emt 00:01:00]} Kf7 {[%clk
00:26:41]} {[%emt 00:00:52]} 31. Qh7+ {[%clk 00:16:41]} {[%emt 00:06:05]} Ke8
{[%clk 00:26:14]} {[%emt 00:00:56]} 32. Qh8+ {[%clk 00:16:21]} {[%emt
00:00:50]} Rf8 {[%clk 00:24:37]} {[%emt 00:02:08]} 33. Qh5+ {[%clk 00:16:40]}
{[%emt 00:00:10]} Rf7 {[%clk 00:24:43]} {[%emt 00:00:24]} 34. Bxd8 {[%clk
00:16:35]} {[%emt 00:00:35]} Rxd8 {[%clk 00:24:36]} {[%emt 00:00:37]} 35. Re3
{[%clk 00:16:03]} {[%emt 00:01:02]} Bf5 {[%clk 00:23:24]} {[%emt 00:01:42]} 36.
Rg3 {[%clk 00:15:59]} {[%emt 00:00:33]} Kf8 {[%clk 00:22:37]} {[%emt 00:01:17]}
37. Qh8+ {[%clk 00:15:58]} {[%emt 00:00:31]} Ke7 {[%clk 00:22:40]} {[%emt
00:00:27]} 38. Qh4+ {[%clk 00:16:21]} {[%emt 00:00:07]} 1-0

[Event "ODJM B 2025"]
[Site "Willingen GER"]
[Date "2025.06.12"]
[Round "7"]
[White "Peglau, Lorena"]
[Black "Fize, Aleksandrs"]
[Result "1/2-1/2"]
[Termination "normal"]
[Board "49"]
[WhiteElo "1464"]
[BlackElo "1712"]
[WhiteClock "00:18:09"]
[BlackClock "00:12:35"]
[PlyCount "67"]
[WhiteFideId "16290542"]
[BlackFideId "34623779"]
[EventCountry "GER"]
[EventRounds "9"]
[EventType "swiss"]
[EventDate "2025.06.07"]

1. d4 {[%clk 01:30:57]} {[%emt 00:00:01]} d5 {[%clk 01:30:57]} {[%emt
00:00:04]} 2. c4 {[%clk 01:31:21]} {[%emt 00:00:06]} e6 {[%clk 01:30:58]}
{[%emt 00:00:28]} 3. Nf3 {[%clk 01:31:28]} {[%emt 00:00:24]} f5 {[%clk
01:30:57]} {[%emt 00:00:32]} 4. Bf4 {[%clk 01:29:51]} {[%emt 00:02:06]} Nf6
{[%clk 01:29:52]} {[%emt 00:01:35]} 5. e3 {[%clk 01:29:24]} {[%emt 00:00:58]}
Be7 {[%clk 01:29:56]} {[%emt 00:00:25]} 6. Nc3 {[%clk 01:29:33]} {[%emt
00:00:20]} c6 {[%clk 01:30:16]} {[%emt 00:00:11]} 7. Be2 {[%clk 01:29:21]}
{[%emt 00:00:41]} O-O {[%clk 01:30:36]} {[%emt 00:00:11]} 8. O-O {[%clk
01:29:31]} {[%emt 00:00:20]} Ne4 {[%clk 01:30:11]} {[%emt 00:00:55]} 9. Qc2
{[%clk 01:20:04]} {[%emt 00:09:57]} Nd7 {[%clk 01:24:32]} {[%emt 00:06:09]} 10.
a3 {[%clk 01:16:39]} {[%emt 00:03:56]} Ndf6 {[%clk 01:11:34]} {[%emt 00:13:27]}
11. b4 {[%clk 01:14:35]} {[%emt 00:02:33]} Nxc3 {[%clk 01:10:55]} {[%emt
00:01:10]} 12. Qxc3 {[%clk 01:12:42]} {[%emt 00:02:23]} Ne4 {[%clk 01:11:19]}
{[%emt 00:00:06]} 13. Qb2 {[%clk 01:11:53]} {[%emt 00:01:20]} Bd7 {[%clk
01:11:22]} {[%emt 00:00:26]} 14. a4 {[%clk 01:11:19]} {[%emt 00:01:04]} Bf6
{[%clk 00:45:28]} {[%emt 00:26:24]} 15. Be5 {[%clk 01:08:27]} {[%emt 00:03:21]}
Bxe5 {[%clk 00:40:39]} {[%emt 00:05:20]} 16. Nxe5 {[%clk 01:05:47]} {[%emt
00:03:10]} Qe7 {[%clk 00:40:46]} {[%emt 00:00:23]} 17. Rac1 {[%clk 00:51:24]}
{[%emt 00:14:52]} Rfc8 {[%clk 00:40:50]} {[%emt 00:00:26]} 18. Rc2 {[%clk
00:49:40]} {[%emt 00:02:14]} Rc7 {[%clk 00:40:37]} {[%emt 00:00:44]} 19. Bd3
{[%clk 00:48:55]} {[%emt 00:01:15]} Nf6 {[%clk 00:40:39]} {[%emt 00:00:28]} 20.
Rfc1 {[%clk 00:48:22]} {[%emt 00:01:03]} Rac8 {[%clk 00:38:20]} {[%emt
00:02:49]} 21. b5 {[%clk 00:44:12]} {[%emt 00:04:41]} b6 {[%clk 00:29:37]}
{[%emt 00:09:12]} 22. cxd5 {[%clk 00:41:26]} {[%emt 00:03:16]} Nxd5 {[%clk
00:23:56]} {[%emt 00:06:11]} 23. bxc6 {[%clk 00:40:55]} {[%emt 00:01:01]} Be8
{[%clk 00:23:17]} {[%emt 00:01:08]} 24. Bb5 {[%clk 00:38:43]} {[%emt 00:02:42]}
Nb4 {[%clk 00:23:15]} {[%emt 00:00:32]} 25. Rc4 {[%clk 00:37:29]} {[%emt
00:01:45]} a5 {[%clk 00:22:41]} {[%emt 00:01:04]} 26. Qe2 {[%clk 00:31:36]}
{[%emt 00:06:23]} Qd6 {[%clk 00:21:57]} {[%emt 00:01:14]} 27. Qf3 {[%clk
00:30:51]} {[%emt 00:01:14]} g5 {[%clk 00:20:40]} {[%emt 00:01:47]} 28. h3
{[%clk 00:30:44]} {[%emt 00:00:37]} h6 {[%clk 00:20:30]} {[%emt 00:00:40]} 29.
g4 {[%clk 00:27:27]} {[%emt 00:03:48]} fxg4 {[%clk 00:20:15]} {[%emt 00:00:45]}
30. hxg4 {[%clk 00:27:38]} {[%emt 00:00:19]} Kg7 {[%clk 00:20:28]} {[%emt
00:00:17]} 31. Qe4 {[%clk 00:23:24]} {[%emt 00:04:44]} Qd5 {[%clk 00:16:09]}
{[%emt 00:04:50]} 32. Qg2 {[%clk 00:19:34]} {[%emt 00:04:20]} Kg8 {[%clk
00:12:35]} {[%emt 00:04:03]} 33. Qh2 {[%clk 00:18:15]} {[%emt 00:01:49]} Kg7
{[%clk 00:12:35]} {[%emt 00:00:31]} 34. Qg2 {[%clk 00:18:09]} {[%emt 00:00:36]}
1/2-1/2

[Event "ODJM B 2025"]
[Site "Willingen GER"]
[Date "2025.06.12"]
[Round "7"]
[White "Schmidt, Marieke"]
[Black "Hesse, Frederik"]
[Result "1/2-1/2"]
[Termination "normal"]
[Board "50"]
[WhiteElo "1726"]
[BlackElo "1663"]
[WhiteClock "00:14:39"]
[BlackClock "00:49:01"]
[PlyCount "125"]
[WhiteFideId "533007497"]
[BlackFideId "34600094"]
[EventCountry "GER"]
[EventRounds "9"]
[EventType "swiss"]
[EventDate "2025.06.07"]

1. e4 {[%clk 01:30:59]} c6 {[%clk 01:30:51]} {[%emt 00:00:09]} 2. d4 {[%clk
01:31:25]} {[%emt 00:00:04]} d5 {[%clk 01:31:15]} {[%emt 00:00:06]} 3. exd5
{[%clk 01:31:52]} {[%emt 00:00:04]} cxd5 {[%clk 01:31:39]} {[%emt 00:00:05]} 4.
Bd3 {[%clk 01:32:19]} {[%emt 00:00:03]} Nc6 {[%clk 01:31:40]} {[%emt 00:00:29]}
5. c3 {[%clk 01:32:46]} {[%emt 00:00:03]} Nf6 {[%clk 01:31:29]} {[%emt
00:00:41]} 6. Bf4 {[%clk 01:32:42]} {[%emt 00:00:35]} Bg4 {[%clk 01:31:47]}
{[%emt 00:00:11]} 7. Nf3 {[%clk 01:33:07]} {[%emt 00:00:06]} e6 {[%clk
01:32:00]} {[%emt 00:00:17]} 8. O-O {[%clk 01:32:43]} {[%emt 00:00:53]} Bd6
{[%clk 01:32:17]} {[%emt 00:00:12]} 9. Bxd6 {[%clk 01:33:06]} {[%emt 00:00:08]}
Qxd6 {[%clk 01:32:42]} {[%emt 00:00:04]} 10. h3 {[%clk 01:33:30]} {[%emt
00:00:07]} Bh5 {[%clk 01:31:49]} {[%emt 00:01:23]} 11. Nbd2 {[%clk 01:33:54]}
{[%emt 00:00:06]} Bg6 {[%clk 01:32:06]} {[%emt 00:00:13]} 12. Bxg6 {[%clk
01:34:16]} {[%emt 00:00:09]} hxg6 {[%clk 01:32:30]} {[%emt 00:00:05]} 13. Re1
{[%clk 01:34:40]} {[%emt 00:00:06]} Nd7 {[%clk 01:30:28]} {[%emt 00:02:32]} 14.
Nf1 {[%clk 01:32:09]} {[%emt 00:03:01]} O-O-O {[%clk 01:30:22]} {[%emt
00:00:36]} 15. a4 {[%clk 01:31:59]} {[%emt 00:00:40]} f6 {[%clk 01:29:32]}
{[%emt 00:01:19]} 16. Ne3 {[%clk 01:30:54]} {[%emt 00:01:36]} e5 {[%clk
01:29:14]} {[%emt 00:00:48]} 17. dxe5 {[%clk 01:29:25]} {[%emt 00:02:00]} Ndxe5
{[%clk 01:29:36]} {[%emt 00:00:07]} 18. Nd4 {[%clk 01:27:22]} {[%emt 00:02:32]}
a6 {[%clk 01:28:08]} {[%emt 00:01:59]} 19. b4 {[%clk 01:21:08]} {[%emt
00:06:44]} Nxd4 {[%clk 01:27:27]} {[%emt 00:01:12]} 20. Qxd4 {[%clk 01:20:50]}
{[%emt 00:00:47]} Kc7 {[%clk 01:19:31]} {[%emt 00:08:26]} 21. Rad1 {[%clk
01:15:04]} {[%emt 00:06:16]} Rh5 {[%clk 01:05:26]} {[%emt 00:14:35]} 22. Qf4
{[%clk 01:06:58]} {[%emt 00:08:36]} Qe6 {[%clk 01:03:12]} {[%emt 00:02:44]} 23.
Nc2 {[%clk 00:58:52]} {[%emt 00:08:36]} g5 {[%clk 00:59:36]} {[%emt 00:04:06]}
24. Nd4 {[%clk 00:50:37]} {[%emt 00:08:45]} Qd7 {[%clk 00:56:13]} {[%emt
00:03:53]} 25. Qf5 {[%clk 00:49:24]} {[%emt 00:01:42]} Qxf5 {[%clk 00:55:28]}
{[%emt 00:01:16]} 26. Nxf5 {[%clk 00:49:50]} {[%emt 00:00:04]} Rh7 {[%clk
00:55:36]} {[%emt 00:00:22]} 27. Ne7 {[%clk 00:40:38]} {[%emt 00:09:42]} d4
{[%clk 00:46:45]} {[%emt 00:09:21]} 28. cxd4 {[%clk 00:39:14]} {[%emt
00:01:54]} Nc6 {[%clk 00:46:37]} {[%emt 00:00:38]} 29. Nxc6 {[%clk 00:39:24]}
{[%emt 00:00:20]} bxc6 {[%clk 00:46:37]} {[%emt 00:00:30]} 30. Re7+ {[%clk
00:39:35]} {[%emt 00:00:19]} Rd7 {[%clk 00:46:57]} {[%emt 00:00:10]} 31. Rxd7+
{[%clk 00:39:44]} {[%emt 00:00:21]} Kxd7 {[%clk 00:47:21]} {[%emt 00:00:07]}
32. d5 {[%clk 00:40:03]} {[%emt 00:00:11]} cxd5 {[%clk 00:47:18]} {[%emt
00:00:33]} 33. Rxd5+ {[%clk 00:40:28]} {[%emt 00:00:05]} Kc6 {[%clk 00:47:43]}
{[%emt 00:00:04]} 34. Rc5+ {[%clk 00:39:56]} {[%emt 00:01:02]} Kb7 {[%clk
00:46:34]} {[%emt 00:01:39]} 35. a5 {[%clk 00:38:00]} {[%emt 00:02:27]} Rh4
{[%clk 00:46:40]} {[%emt 00:00:23]} 36. b5 {[%clk 00:38:09]} {[%emt 00:00:21]}
axb5 {[%clk 00:46:35]} {[%emt 00:00:35]} 37. Rxb5+ {[%clk 00:38:32]} {[%emt
00:00:06]} Ka6 {[%clk 00:46:59]} {[%emt 00:00:07]} 38. Rd5 {[%clk 00:38:50]}
{[%emt 00:00:12]} g4 {[%clk 00:47:01]} {[%emt 00:00:28]} 39. hxg4 {[%clk
00:39:00]} {[%emt 00:00:20]} Rxg4 {[%clk 00:47:26]} {[%emt 00:00:05]} 40. Kf1
{[%clk 00:38:47]} {[%emt 00:00:43]} Kb7 {[%clk 00:47:40]} {[%emt 00:00:16]} 41.
Rd3 {[%clk 00:38:20]} {[%emt 00:00:57]} Ra4 {[%clk 00:47:48]} {[%emt 00:00:23]}
42. Rd7+ {[%clk 00:38:45]} {[%emt 00:00:05]} Kc6 {[%clk 00:48:10]} {[%emt
00:00:07]} 43. Rxg7 {[%clk 00:39:05]} {[%emt 00:00:10]} Rxa5 {[%clk 00:48:35]}
{[%emt 00:00:06]} 44. Rg6 {[%clk 00:39:18]} {[%emt 00:00:16]} Rf5 {[%clk
00:48:56]} {[%emt 00:00:08]} 45. g4 {[%clk 00:39:30]} {[%emt 00:00:19]} Rf4
{[%clk 00:48:52]} {[%emt 00:00:34]} 46. Kg2 {[%clk 00:39:42]} {[%emt 00:00:18]}
Kd5 {[%clk 00:49:04]} {[%emt 00:00:18]} 47. Kg3 {[%clk 00:39:49]} {[%emt
00:00:23]} Ke4 {[%clk 00:48:36]} {[%emt 00:00:58]} 48. Rg7 {[%clk 00:39:08]}
{[%emt 00:01:11]} Rf3+ {[%clk 00:48:48]} {[%emt 00:00:18]} 49. Kg2 {[%clk
00:38:43]} {[%emt 00:00:55]} Kf4 {[%clk 00:48:34]} {[%emt 00:00:42]} 50. Rg6
{[%clk 00:37:05]} {[%emt 00:02:10]} Ke4 {[%clk 00:48:34]} {[%emt 00:00:30]} 51.
g5 {[%clk 00:29:48]} {[%emt 00:07:47]} Rf5 {[%clk 00:48:02]} {[%emt 00:01:01]}
52. gxf6 {[%clk 00:28:35]} {[%emt 00:01:43]} Ke5 {[%clk 00:48:18]} {[%emt
00:00:14]} 53. Kg3 {[%clk 00:28:37]} {[%emt 00:00:28]} Ke6 {[%clk 00:48:32]}
{[%emt 00:00:16]} 54. f4 {[%clk 00:28:22]} {[%emt 00:00:45]} Kf7 {[%clk
00:48:51]} {[%emt 00:00:12]} 55. Rg5 {[%clk 00:26:10]} {[%emt 00:02:41]} Rxf6
{[%clk 00:48:54]} {[%emt 00:00:27]} 56. Kg4 {[%clk 00:25:50]} {[%emt 00:00:49]}
Ra6 {[%clk 00:49:02]} {[%emt 00:00:23]} 57. Rf5+ {[%clk 00:26:02]} {[%emt
00:00:18]} Kg7 {[%clk 00:49:09]} {[%emt 00:00:23]} 58. Re5 {[%clk 00:24:55]}
{[%emt 00:01:38]} Kf6 {[%clk 00:48:44]} {[%emt 00:00:54]} 59. Rh5 {[%clk
00:23:02]} {[%emt 00:02:20]} Kg7 {[%clk 00:48:59]} {[%emt 00:00:17]} 60. Re5
{[%clk 00:21:35]} {[%emt 00:01:58]} Kf6 {[%clk 00:49:18]} {[%emt 00:00:11]} 61.
Rh5 {[%clk 00:20:57]} {[%emt 00:01:08]} Kg7 {[%clk 00:49:25]} {[%emt 00:00:23]}
62. f5 {[%clk 00:14:39]} {[%emt 00:07:08]} Ra4+ {[%clk 00:49:01]} 63. Kg5
{[%emt 00:00:06]} 1/2-1/2